000 00460nam a2200157Ia 4500
008 210716s2003 xx 000 0 und d
020 _a8120323386
041 _aeng
082 _a004.69 WEBS
100 _aInternational Business Machines Corporation.
245 _aWebsphere mq: application programming.
_bApplication programming.
250 _a1
260 _aNew Delhi
_bPHI Learning Pvt Ltd
_c2003
300 _axii,247
650 _aInternet / Mutimedia
999 _c189071
_d189071